000
00263nam a2200121Ia 4500
008
190216s9999||||xx |||||||||||||| ||und||
100
_a
Dharmapadam .av
245
0
_a
Dynamics
260
_b
Viswanathan S.
300
_a
467
650
_a
Mathematics
942
_c
BK
999
_c
32083
_d
32083